logo

Bir Sreshtho Munshi Abdur Rouf Library
Jhenaidah Cadet College

The Writer's Rhetoric And Handbooks / (Record no. 6192)

MARC details
000 -LEADER
fixed length control field 00641nam a2200241 a 4500
001 - CONTROL NUMBER
JCCL Control Number 6192)
003 - CONTROL NUMBER IDENTIFIER
JCCL marc code BD-JhCC
005 - DATE AND TIME OF LATEST TRANSACTION
control field 20180120173406.0
008 - FIXED-LENGTH DATA ELEMENTS--GENERAL INFORMATION
fixed length control field 180116s1980 bg |||| ||a| 000 0 eng d
020 ## - INTERNATIONAL STANDARD BOOK NUMBER
International Standard Book Number 0070454213
035 ## - SYSTEM CONTROL NUMBER
system control number (BD-JhCC)6192)
040 ## - CATALOGING SOURCE
Original cataloging agency BD-JhCC
Modifying agency BD-JhCC
041 ## - LANGUAGE CODE
Language code of Book eng
082 ## - DEWEY DECIMAL CLASSIFICATION NUMBER
Classification number 808.42
Author mark and Year MCH 1980
100 ## - MAIN ENTRY--PERSONAL NAME
Personal name Mcmahan, Elizabeth
245 ## - TITLE STATEMENT
Title The Writer's Rhetoric And Handbooks /
Statement of responsibility, etc Elizabeth Mcmahan And Susan Day
260 ## - PUBLICATION, DISTRIBUTION, ETC. (IMPRINT)
Place of publication, distribution, etc America :
Name of publisher, distributor, etc Mcgraw-Hill Inc,
Date of publication, distribution, etc 1980.
300 ## - PHYSICAL DESCRIPTION
Pagination 450 p. :
Dimensions 24 cm.
650 ## - SUBJECT ADDED ENTRY--TOPICAL TERM
Topical term or geographic name as entry element English Language
General subdivision Rhetoric
700 ## - ADDED ENTRY--PERSONAL NAME
Personal name Day, Susan
942 ## - ADDED ENTRY ELEMENTS (KOHA)
Source of classification or shelving scheme Dewey Decimal Classification
Koha item type Books
Holdings
Source of classification or shelving scheme Damaged status Not for loan Home library Current library Shelving location Date of accession Total Checkouts Full call number Barcode Date last seen Copy number Koha item type
Dewey Decimal Classification     JCC Rouf Library JCC Rouf Library Reference 12/16/2018   808.42 MCH 1980 7379 01/16/2018 C - 1 Books

JCC Library | Contacts | JCC Home

Last Update on 23 September 2017
Copyright @ 2017-2020 JCC Rouf Library
Rouf Library, Jhenidah Cadet College (JCC), Bangladesh